| 000 -ლიდერი |
| ფიქსირებული სიგრძის საკონტროლო ველი |
01743nam a22002417a 4500 |
| 003 - საკონტროლო ნომრის იდენტიფიკატორი |
| საკონტროლო ველი |
Ge_BSU |
| 005 - ბოლო ოპერაციის თარიღი და დრო |
| საკონტროლო ველი |
20251017210254.0 |
| 008 - ფიქსირებული სიგრძის მონაცემთა ელემენტები - ზოგადი ინფორმაცია |
| ფიქსირებული სიგრძის საკონტროლო ველი |
251017s2002 ge ||||| |||| 00| 0 geo d |
| 041 ## - ენის კოდი |
| Language code of text/sound track or separate title |
geo |
| 080 ## - უნივერსალური ათობითი კლასიფიკაციის ინდექსი |
| Universal Decimal Classification number |
343.19(479.22) ს-54 |
| 245 ## - ცნობა სათაურის შესახებ |
| Title |
სისხლის სამართლის სასამართლო პრაქტიკის კომენტარი : |
| Remainder of title |
(დანაშაული ადამიანის წინააღმდეგ) / |
| Statement of responsibility, etc |
[ავტ.: ოთარ გამყრელიძე, გიორგი ტყეშელიაძე, ლამარა სურგულაძე, მერაბ ტურავა, თამარ ებრალიძე] ; საქ. მეცნ. აკად. სახ. და სამართლის ინ-ტი. |
| 264 ## - წარმოების, გამოცემის, დისტრიბუციის და სხვა ცნობები |
| გამოცემის, წარმოების, დისტრიბუციის... ადგილი |
თბილისი, |
| გამოცემის, წარმოების, დისტრიბუციის... თარიღი |
2002. |
| 300 ## - ფიზიკური აღწერა |
| Extent |
224 გვ. ; |
| Other physical details |
20 სმ. |
| 653 ## - INDEX TERM--UNCONTROLLED |
| Uncontrolled term |
სისხლის სამართლის სასამართლო პრაქტიკა |
| 653 ## - INDEX TERM--UNCONTROLLED |
| Uncontrolled term |
დანაშაული ჯანმრთელობის წინააღმდეგ |
| 653 ## - INDEX TERM--UNCONTROLLED |
| Uncontrolled term |
დანაშაული სიცოცხლის წინააღმდეგ. |
| 700 ## - ADDED ENTRY--PERSONAL NAME |
| Personal name |
გამყრელიძე, ოთარ |
| Relator term |
ავტორი |
| 9 (RLIN) |
2834 |
| 700 ## - ADDED ENTRY--PERSONAL NAME |
| Personal name |
ტყეშელიაძე, გიორგი |
| Relator term |
ავტორი |
| 9 (RLIN) |
26059 |
| 700 ## - ADDED ENTRY--PERSONAL NAME |
| Personal name |
სურგულაძე, ლამარა |
| Relator term |
ავტორი |
| 9 (RLIN) |
26060 |
| 700 ## - ADDED ENTRY--PERSONAL NAME |
| Personal name |
ებრალიძე, თამარ |
| Relator term |
ავტორი |
| 9 (RLIN) |
26061 |
| 710 ## - ADDED ENTRY--CORPORATE NAME |
| Corporate name or jurisdiction name as entry element |
საქ. მეცნ. აკად. სახ. და სამართლის ინ-ტი. |
| 9 (RLIN) |
920 |
| 942 ## - ADDED ENTRY ELEMENTS (KOHA) |
| Source of classification or shelving scheme |
|
| Koha item type |
წიგნი |